خصخصة السلام من النزاع إلى الأمن / (Record no. 16275)
[ view plain ]
| 000 -الفاتح | |
|---|---|
| حقل البيانات ثابتة الطول | 01102nam a22002417a 4500 |
| 005 - وقت وتاريخ اخر تعامل مع التسجيلة | |
| رقم الضبط | 20111129144316.0 |
| 008 - عناصر البيانات ثابتة الطول - معلومات عامة | |
| حقل البيانات ثابتة الطول | 111129t2004 ua||||| |||| 00| 0 ara d |
| 020 ## - الرقم الدولى المعيارى للكتب | |
| الرقم الدولى المعيارى للكتاب | 1571051473 |
| 082 ## - رقم تصنيف ديوى العشرى | |
| رقم الطبعة | 22 |
| رقم التصنيف | 327.172 |
| رقم المادة | ج ي ر |
| 100 ## - المدخل الرئيسى - إسم شخصى | |
| 9 (RLIN) | 27934 |
| الإسم الشخصى | جيرسون، آلان |
| 245 ## - بيان العنوان | |
| العنوان | خصخصة السلام من النزاع إلى الأمن / |
| بيان المسئوليه,etc | تأليف آلان جيرسون ؛ ترجمة أسعد حليم. |
| 250 ## - بيان الطبعة | |
| بيان الطبعة | ط. 1. |
| 260 ## - PUBLICATION, DISTRIBUTION, ETC. (IMPRINT) | |
| مكان الناشر او الموزع | القاهرة : |
| اسم الناشر او الموزع | الجمعية المصرية لنشر المعرفة والثقافة العالمية، |
| تاريخ النشر أو التوزيع | 2004. |
| 300 ## - الوصف المادى | |
| التعداد | 243 ص. ؛ |
| أبعاد الوعاء | 24 سم. |
| 500 ## - تبصرة عامة | |
| تبصرة عامة | ترجمة لكتاب: Privatizing Peace: from Conflict to Security / by Allan Gerson and Nat J. Colletta |
| 650 ## - المدخل الاضافى بالموضوع-مصطلح موضوعى | |
| 9 (RLIN) | 16325 |
| مصطلح موضوعي أو اسم جغرافي كعنصر مدخل | السلام العالمي |
| 650 ## - المدخل الاضافى بالموضوع-مصطلح موضوعى | |
| 9 (RLIN) | 27936 |
| مصطلح موضوعي أو اسم جغرافي كعنصر مدخل | المنازعات الدولية |
| 653 ## - مصطلح تكشيفى غير مقيد | |
| Resource For college | |
| Arrived date list | November2011 |
| 700 ## - المدخل الاضافى - اسم شخصى | |
| 9 (RLIN) | 27935 |
| الإسم الشخصى | حليم، أسعد |
| 700 ## - المدخل الاضافى - اسم شخصى | |
| 9 (RLIN) | 28032 |
| الإسم الشخصى | كوليتا ، نات ج |
| 942 ## - عناصر المدخل الإضافي( كوها) | |
| مصدر التصنيف او مخطط الترفيف | Dewey Decimal Classification |
| Koha [default] item type | Book - Borrowing |
| حالة التراجع | حالة الفقد | مصدر التصنيف او خطة الترفيف | حالة تلف | ليس للاعارة | مجموعات كوها | المكان الدائم | المكان الحالي | موقع الترفيف | تاريخ الاكتساب | Source of acquisition | رقم الاستدعاء | الباركود | Date last seen | مُعار | نوع الوعاء |
|---|---|---|---|---|---|---|---|---|---|---|---|---|---|---|---|
| Dewey Decimal Classification | Alef-Baa | Central Library | Central Library | First floor | 29/11/2011 | Purchase | 327.172 ج ي ر | 000025741 | 15/07/2025 | 20/02/2025 | Book - Borrowing |